00437nam a22001457a 4500003000900000005001700009008003300026020001800059040002200077082001700099100002500116245006800141260006200209300002000271DO-SdBNP20180221100113.0151209b pn 2002 a00| 0 spa d a9789962629085 aBPMSUbspacBPMSU 4axxxxxbxxxxx1 aAlvarado Patricia V.1 aGuillermo gusano y la gran inundación /cPatricia V. Alvarado aPanamá :bPiggy press,c2002.g(1a reimpresión 2007). a32 p. ;c14 cm.